| 000 | 01375nam0a22003011 4500 | ||
|---|---|---|---|
| 001 | rc\636851 | ||
| 005 | 20031121164600.9 | ||
| 035 | _a(NLR Aleph) 005878616 | ||
| 090 |
_a6054094 _c6054094 |
||
| 100 | _a20031121d1986 u |0rusy50 ca | ||
| 101 | 0 | _arus | |
| 102 | _aRU | ||
| 105 | _ay ||||||||| | ||
| 200 | 1 |
_aФактор ускорения - совершенствование подготовки квалифицированных кадров _fМ. Оразгельдыев, К.Р. Реджепов, Б.С. Розенблат |
|
| 210 |
_aАшхабад _cТуркмен НИИНТИ _d1986 |
||
| 215 |
_a39 с. _d21 |
||
| 225 | 1 |
_aОбзорная информация _fГосплан ТССР, НИИ НТИ и техн.-экон. исслед. |
|
| 300 | _aВ вып. дан. авт.: М.О. Оразгельдыев, К.Р. Реджепов, Б.С. Розенблат, кандидаты экон. наук | ||
| 300 | _aНа обл. авт. не указаны | ||
| 320 | _aБиблиогр.: с. 38 | ||
| 700 | 1 |
_aОразгельдыев _bМ. О. _gМовлям Оразович |
|
| 701 | 1 |
_aРеджепов _bК. Р. _gКакаджан Реджепович |
|
| 701 | 1 |
_aРозенблат _bБ. С. _gБелла Соломоновна |
|
| 801 | 0 |
_aRU _bNLR _gpsbo |
|
| 801 | 1 |
_aRU _bELAR _2rusmarc |
|
| 852 |
_aNLR _j88-4/3450 |
||
| 942 | _cBOOK | ||
| 980 | _aNB | ||